| 000 | 00577aam a2200241 4500 | ||
|---|---|---|---|
| 005 | 20231206090044.0 | ||
| 008 | 150522b2009 xxu||||| |||| 00| 0 spa d | ||
| 020 | _a9789968316934 | ||
| 041 | _aESP | ||
| 082 | _a344.078 C8374L | ||
| 100 | _aCosta Rica. Leyes, decretos, etc. | ||
| 245 | _aLey de carrera docente | ||
| 260 | _aCosta Rica | ||
| 260 | _bEUNED | ||
| 260 | _c2009 | ||
| 300 | _a184 páginas | ||
| 650 | _aCOSTA RICA | ||
| 650 | _aDOCENTES | ||
| 650 | _aENSEÑANZA | ||
| 650 | _aLEGISLACIÓN | ||
| 650 | _aFORMACIÓN PROFESIONAL | ||
| 942 |
_cBK _2ddc |
||
| 999 |
_c2223 _d2223 |
||